000 00576nam a2200181Ia 4500
008 100921s9999 xx 000 0 und d
082 _b34164
_a891.463 न 00
100 _aहरकारे अरूण.
245 _aकिड.
260 _bअक्षता प्रकाशन, पुणे.
_c2000
300 _a256
_bपद्मावती बुक एजन्सी
365 _b225
520 _aललित-कादंबरी.
630 _aकिड.
650 _aललित-कादंबरी.
730 _aकिड.
942 _cBOOK
999 _c783277
_d783274